000 00678nam a2200265 a 4500
003 AR-BaBNM
005 20251128205943.0
008 082120s2002 ||||||||||||||000 | spa||
040 _cAR-BaBNM
100 1 _aOderigo, Mario A.
245 0 0 _aEl doctor Baturros y otros escritos
260 _aBuenos Aires
_bFrancisco A. Colombo
_c1978
300 _a369 p.
_bil.
650 4 _aDERECHO
650 4 _aSISTEMAS JURIDICOS
650 4 _aFILOSOFIA DEL DERECHO
650 4 _aDERECHO CIVIL
650 4 _aDERECHO PROCESAL
650 4 _aTEORIA DEL DERECHO
651 4 _aArgentina
653 _aMEMORIAS
700 0 _aDaumier
_eilustrador
942 _cBK
998 _cMARTIN
999 _c13455
_d13455